000 01270nam0a2200361 i 4500
001 RU\NLR\BIBL_A\010356776
005 20260405175120.0
010 _a9785444416594
_93000
021 _aRU
_b2014-17984
_91129
035 _a(NILC)RuMoRGB-006761362
035 _a(NLR Aleph) 010356776
090 _a10765297
_c10765297
100 _a20140515d2014 m y0rusy50 ca
101 0 _arus
102 _aRU
105 _aab||z|||000yy
200 1 _aЕвпатий Коловрат
_eпоследний герой Древней Руси
_fА. А. Музафаров
210 _aМосква
_cВече
_d2014
215 _a286 с.
_cил., карт.
_d21
225 1 _aНеведомая Русь
320 _aБиблиогр. в подстроч. примеч.
333 _a12+
600 0 _aЕвпатий Коловрат
_f- 1238
_92137563
_3RU\NLR\AUTH\661593168
675 _a94(47+57)<653>
686 1 _aТ3(2)430-8
700 1 _aМузафаров
_bА. А.
_gАлександр Азизович
702 0 _4570
_8rus
_7ca
_aЕвпатий Коловрат
_f-1238
_3RU\NLR\AUTH\7776248
_959176
801 0 _aRU
_bRuMoRKP
_c20140313
_gRCR
801 2 _aRU
_bРГБ
_c20140430
_grcr
942 _cBOOK
980 _aNBR